| 000 | 01098nam a2200301 c 4500 | ||
|---|---|---|---|
| 999 |
_c343471 _d343471 |
||
| 003 | BLK | ||
| 005 | 20191001105057.0 | ||
| 008 | 180911b bul|||||r ||||||| ||bul|| | ||
| 010 | _a003132 | ||
| 040 | _aBLK | ||
| 041 |
_aDEU _cBUL |
||
| 080 | _z891.5-1 | ||
| 100 | 1 |
_eпърви автор _9397516 |
|
| 245 | 1 | 0 | _aDIVAN der persischen Poesie |
| 246 |
_aBiutenlese aus der persischen Poesie, mit einer literarhistorischen Einl., biogr. Notizen und erl. Anm. _bDIVAN der persischen Poesie _pлирика-стихотворения |
||
| 260 |
_aHale a. d. S. _bOtto Hendel _cs.a |
||
| 300 |
_aXXIV, 270 с _c18 см |
||
| 380 | _a82 | ||
| 490 | _aBibl. der Ges.-Lit | ||
| 490 |
_aЧастна колекция - Академик Михаил Арнаудов _gДарение - Основен фонд |
||
| 500 | _aМихаил Арнаудов - подпис; | ||
| 520 | _aМихаил Арнаудов: подпис | ||
| 653 | _aлирика | ||
| 653 | _aстихотворения | ||
| 655 |
_aиранска и персийска литература _9397517 |
||
| 700 | 1 |
_aHrsg. von Julius Hart _9397518 |
|
| 852 | _aМА 821 | ||
| 942 |
_cKNG _n0 _s1 |
||
| 944 |
_aCR _c1996 _kValK |
||
| 999 | _d343471 | ||